| 000 | 00828nam0a22002531 4500 | ||
|---|---|---|---|
| 001 | RU\NLR\INFOCOMM_195\5000071439 | ||
| 005 | 20250613101607.0 | ||
| 035 | _a(NLR Aleph) 009385198 | ||
| 090 |
_a8007635 _c8007635 |
||
| 100 | _a20110114d1965 |||y0rusy50 ca | ||
| 101 | 1 |
_aeng _crus |
|
| 102 | _aRU | ||
| 105 | _ay ||||000|y | ||
| 200 | 1 |
_aInto the storm _eA novel _fDaniil Granin _g[Transl. from the Russ. by Robert Daglish] |
|
| 210 |
_aM. _cProgress _d1965 |
||
| 215 |
_a344 с. _d20 см |
||
| 300 | _aНа обороте тит. л.: Даниил Гранин. Иду на грозу | ||
| 686 |
_aЛх-рс1078(англ.) _2rubbk |
||
| 700 | 1 |
_aGranin _bD. A. _c[pseud.] _f1919- _gDaniil Aleksandrovič _4070 |
|
| 801 | 1 |
_aRU _bNLR _c20110114 |
|
| 801 | 0 |
_aRU _bNLR _gPSBO |
|
| 852 |
_aNLR _jЛ31 Г-3/1473 |
||
| 942 | _cBOOK | ||
| 980 | _aNB | ||